Vývoj evropského energetického trhu, legislativy a regulace zejména z pohledu provozovatele přenosové soustavy
Pohľad na najaktuálnejší vývoj európskeho trhu se energiou.
Enregistré dans:
| Auteur principal: | |
|---|---|
| Autres auteurs: | |
| Format: | Chapitre de livre |
| Langue: | tchèque |
| Sujets: | |
| Tags: |
Pas de tags, Soyez le premier à ajouter un tag!
|
MARC
| LEADER | 00000nla$a2200000$$$4500 | ||
|---|---|---|---|
| 001 | 0096395 | ||
| 005 | 20240502072053.8 | ||
| 041 | 0 | |a cze | |
| 044 | |a SK | ||
| 245 | 1 | 0 | |a Vývoj evropského energetického trhu, legislativy a regulace zejména z pohledu provozovatele přenosové soustavy |c Eleonora Fendeková, Zuzana Kohoutová |
| 520 | |a Pohľad na najaktuálnejší vývoj európskeho trhu se energiou. | ||
| 610 | 2 | 0 | |a trh energetický |
| 610 | 2 | 0 | |a trh finančný |
| 610 | 2 | 0 | |a Európska únia |
| 610 | 2 | 0 | |a legislatíva |
| 610 | 2 | 0 | |a regulácia trhu |
| 100 | 1 | |a Fendeková, Eleonora, 1952- | |
| 700 | 1 | |a Kohoutová, Zuzana | |